| 000 | 00849nam a2200241 a 4500 | ||
|---|---|---|---|
| 001 | 000025797 | ||
| 005 | 20200930024045.0 | ||
| 008 | 110222s1969 sp ab r 000 0 spa d | ||
| 040 |
_aDO-SdBNP _bspa _cBNPHU |
||
| 082 |
_aNNN _bA334e, 1969 |
||
| 100 | 1 |
_aAlbertini, Jean-Marie _952605 |
|
| 240 | 1 | 0 | _aLes rouages de l'économie nationale |
| 245 | 1 | 0 |
_aLos engranajes de la economía / _cJean Marie Albertini ; traducido por G.E.N.C. |
| 250 | _a3a ed. | ||
| 260 |
_aBarcelona : _bNova Terra, _c1969. |
||
| 300 |
_a222, [2] p. : _bil., diagrs. ; _c18 cm. |
||
| 490 | 1 |
_aEl Mundo y los Hombres _v3 |
|
| 500 | _aIncluye referencias bibliográficas y notas al pie de las páginas | ||
| 534 |
_aTítulo original: _tLes rouages de l'économie nationale |
||
| 700 | 1 |
_aG.E.N.C. _952606 |
|
| 830 | 0 |
_aEl Mundo y los Hombres ; _v3 _952607 |
|
| 049 | _aBNGR | ||
| 999 |
_c25289 _d25289 |
||